Cumbres borrascosas / (Registro nro. 8560)

Detalles MARC
000 -LIDER
fixed length control field 00882nam a22002897a 4500
001 - NÚMERO DE CONTROL
Identificador de número de control 86538
003 - IDENTIFICACDOR DE NÚMERO DE CONTROL
control field DO-SdBNP
005 - DATE AND TIME OF LATEST TRANSACTION
control field 20180122131846.0
007 - CAMPOS FIJOS DE DESCRIPCIÓN FÍSICA
fixed length control field 86538
008 - ELEMENTOS DE LONGITUD FIJA
fixed length control field 120403s1999 sp n spa
020 ## - ISBN
International Standard Book Number 8481301876
040 ## - FUENTE DE CATALOGACIÓN
Agencia que crea de manera original el registro BPMSU
Idioma de catalogación spa
Agencia que realiza la transcripción BPMSU
082 ## - NÚMERO DE CLASIFICACIÓN DECIMAL DE DEWEY
Edition number 823.8
Classification number B78c
100 1# - ASIENTO PRINCIPAL -- NOMBRE PERSONAL
Nombre personal Brontë, Emily
Fechas asociadas con el nombre 1818-1848
245 10 - MENCIÓN DE TITULO
Título Cumbres borrascosas /
Mención de responsabilidad Emely Brontë ; prólogo Paula Izquierdo ; traducción María Rosa Lida
260 ## - PUBLICACIÓN, DISTRIBUCIÓN, ETC. (PIE DE IMPRENTA)
Lugar de publicación, distribución, etc Madrid :
Nombre del editor, distribuidor, etc. Milenium
Fecha de publicación, distribución, etc 1999
300 ## - DESCRIPCIÓN FÍSICA
Extensión 315 p. :
Dimensiones 22 cm.
490 ## - MENCIÓN DE SERIES
Mención de serie Milenium. Las 100 joyas del Milenium
650 #7 - ENCABEZAMIENTO DE MATERIA--TEMÁTICO
Término temático o nombre geográfico como elemento de entrada NOVELAS INGLESAS
700 ## - ASIENTO SECUNDARIO -- NOMBRE PERSONAL
Nombre personal Lida, María Rosa
Mención de responsabilidad tr
700 ## - ASIENTO SECUNDARIO -- NOMBRE PERSONAL
Nombre personal Izquierdo, Paula
Mención de responsabilidad pról.
830 ## - ASIENTO SECUNDARIO DE SERIE--TÍTULO UNIFORME
Título uniforme Milenium. Las 100 joyas del Milenium
830 ## - ASIENTO SECUNDARIO DE SERIE--TÍTULO UNIFORME
Título uniforme Biblioteca El mundo
942 ## - ADDED ENTRY ELEMENTS (KOHA)
Source of classification or shelving scheme Dewey Decimal Classification
Koha item type Libros
945 ## - INFORMACIÓN DE PROCESAMIENTO LOCAL
Información de procesamiento local Inventariado extranjero / 2018 VM
956 ## - LOCAL ELECTRONIC LOCATION AND ACCESS (OCLC)
Nombre de host VMATEO
Método de acceso 10
Materiales especificados 20151105
Enlace BPM SU
Campo enlazado y núm. de secuencia 00151
Existencias
Withdrawn status Lost status Source of classification or shelving scheme Damaged status Not for loan Collection code Home library Current library Date acquired Source of acquisition Total Checkouts Full call number Barcode Date last seen Price effective from Koha item type
    Dewey Decimal Classification     Colección General Biblioteca Pública Metropolitana Salomé Ureña Biblioteca Pública Metropolitana Salomé Ureña 11/05/2015 FUNDI   BPMSU15110073 11/05/2015 11/05/2015 Libros